Т. 2 : Средневековье: от Библейского послания до Макиавелли; Западная философия от истоков до наших дней
| Parent link: | Западная философия от истоков до наших дней: пер. с ит./ Д. Реале, Д. Антисери. Т. 2 : Средневековье: от Библейского послания до Макиавелли.— , 1994-1997 |
|---|---|
| שפה: | רוסית |
| יצא לאור: |
1994
|
| נושאים: |
Боэций
> А. М. С.
> христианский философ
> римский государственный деятель
> около 480-524
> Аниций Манлий Северин
Лютер
> М.
> немецкий религиозный деятель
> основатель лютеранства
> деятель Реформации в Германии
> 1483-1546
> Мартин
Макиавелли (Макьявелли)
> Н.
> итальянский политический мыслитель
> 1469-1527
> Никколо
> историк
> писатель
Эразм Роттердамский, Дезидерий
> нидерландский гуманист эпохи Возрождения
> писатель
> филолог
> 1469-1536
|
| פורמט: | ספר |
| KOHA link: | https://koha.lib.tpu.ru/cgi-bin/koha/opac-detail.pl?biblionumber=19534 |
MARC
| LEADER | 00000nam2a2200000 4500 | ||
|---|---|---|---|
| 001 | 19534 | ||
| 005 | 20231101205301.0 | ||
| 010 | |a 5867080374 | ||
| 035 | |a (RuTPU)RU\TPU\book\19699 | ||
| 035 | |a BOOK00004388 | ||
| 090 | |a 19534 | ||
| 100 | |a 20011209d1994 km y0rusy50 ca | ||
| 101 | 1 | |a rus |c ita | |
| 102 | |a RU | ||
| 105 | |a y z 000zd | ||
| 200 | 0 | |a Т. 2 : Средневековье: от Библейского послания до Макиавелли | |
| 210 | |d 1994 | ||
| 215 | |a 336 с. | ||
| 461 | 1 | |0 (RuTPU)RU\TPU\book\66380 |t Западная философия от истоков до наших дней |o пер. с ит. |o в 4 т. |f Д. Реале, Д. Антисери |v Т. 2 : Средневековье: от Библейского послания до Макиавелли |d 1994-1997 | |
| 600 | 1 | |a Абеляр |b П. |c французский богослов |f 1079-1142 |g Пьер |c философ |c поэт |2 stltpui |3 (RuTPU)RU\TPU\pers\1706 | |
| 600 | 1 | |a Кавальери |b Б. |c итальянский математик |f 1598-1647 |g Бонавентура |2 stltpush |3 (RuTPU)RU\TPU\pers\11812 |9 2959 | |
| 600 | 1 | |a Боэций |b А. М. С. |c христианский философ |c римский государственный деятель |f около 480-524 |g Аниций Манлий Северин |2 stltpush |3 (RuTPU)RU\TPU\pers\11322 |9 2537 | |
| 600 | 1 | |a Дунс Скот |b И. |g Иоанн |f 1265/66-1308 |c философ-схоластик |c член ордена францисканцев |2 stltpush |3 (RuTPU)RU\TPU\pers\13072 | |
| 600 | 1 | |a Лютер |b М. |c немецкий религиозный деятель |c основатель лютеранства |c деятель Реформации в Германии |f 1483-1546 |g Мартин |2 stltpui |3 (RuTPU)RU\TPU\pers\154 |9 87 | |
| 600 | 1 | |a Макиавелли (Макьявелли) |b Н. |c итальянский политический мыслитель |f 1469-1527 |g Никколо |c историк |c писатель |2 stltpui |3 (RuTPU)RU\TPU\pers\935 | |
| 600 | 1 | |a Оккам |g Уильям |b У. |c английский философ-схоласт |c логик |f около 1285-1349 |2 stltpui |3 (RuTPU)RU\TPU\pers\991 | |
| 600 | 0 | |a Филон Александрийский |f около 25 г. до н. э.-около 50 |c древнееврейский теолог |2 stltpush |3 (RuTPU)RU\TPU\pers\9646 | |
| 600 | 0 | |a Фома Аквинский (Аквинат) |f 1225/1226-1274 |c христианский богослов |c философ |2 stltpui |3 (RuTPU)RU\TPU\pers\949 | |
| 600 | 1 | |a Экхарт |b И. (М.) |c немецкий философ-мистик |c доминиканец |f около 1260-1327 |g Иоган (Майстер) |2 stltpush |3 (RuTPU)RU\TPU\pers\11347 |9 2562 | |
| 600 | 0 | |a Эразм Роттердамский, Дезидерий |c нидерландский гуманист эпохи Возрождения |c писатель |c филолог |f 1469-1536 |2 stltpui |3 (RuTPU)RU\TPU\pers\333 |9 162 | |
| 600 | 0 | |a Иоанн Скот Эриугена (Эригена) |f около 810- около 877 |c французский философ-неоплатонист |c по роисхождению ирландец |2 stltpush |3 (RuTPU)RU\TPU\pers\13069 | |
| 606 | 1 | |a Западноевропейская философия |x История |2 stltpush |3 (RuTPU)RU\TPU\subj\67547 |9 83304 | |
| 610 | 1 | |a история | |
| 610 | 1 | |a философия | |
| 610 | 1 | |a средневековая философия | |
| 610 | 1 | |a гуманизм | |
| 610 | 1 | |a эпоха Возрождения | |
| 686 | |a Ю3(4) |v LBC/SL-A |2 rubbk | ||
| 686 | |a Ю3(0)41 |v LBC/SL-A |2 rubbk | ||
| 801 | 0 | |a RU |b 63413507 |c 20011209 |g PSBO | |
| 801 | 2 | |a RU |b 63413507 |c 20170601 |g PSBO | |
| 942 | |c BK | ||